000 00753nam a22002177a 4500
003 OSt
005 20250710084558.0
008 250710b |||||||| |||| 00| 0 eng d
020 _a9781466558618
040 _aDWCL - Main lib
_cOC
082 _aCirc. 658.787 S587i 2017
100 _aSilver, Edward A.
245 _aInventory and production management in supply chains/
_cEdward A. Silver
250 _a Fourth edition.
260 _aBoca Raton, Florida ;
_bTaylor and Francis Group,
_cc2017.
300 _axxvii, 781 pages :
_billustrations ;
_c26 cm.
504 _aIncludes index.
650 _a1. Inventory control--Decision making.
650 _a2. Production planning-- Decision making.
942 _2ddc
_cBK-CIRC
_eFourth edition.
_kCirc.
_n0
999 _c3593
_d3593